[Event "Budapest FS12 Nadassy"]
[Site "Budapest"]
[Date "2018.12.02"]
[Round "2.3"]
[White "Mohammed, Sami Majeed"]
[Black "Mayer, Istvan"]
[Result "0-1"]
[WhiteElo "1331"]
[BlackElo "1902"]
[PlyCount "82"]
[EventDate "2018.12.01"]
[EventType "schev"]
[EventRounds "10"]
[EventCountry "HUN"]
[SourceTitle "EXT 2020"]
[Source "ChessBase"]
[SourceDate "2019.10.17"]
[SourceVersion "1"]
[SourceVersionDate "2019.10.17"]
[SourceQuality "1"]
[WhiteTeam "B Team Lower Elo"]
[BlackTeam "A Team Higher Elo"]
[WhiteTeamCountry "HUN"]
[BlackTeamCountry "HUN"]

1. e4 e6 2. d3 d5 3. e5 c5 4. Nf3 Nc6 5. Be3 Qb6 6. b3 Nge7 7. Nbd2 Ng6 8. a3 Qc7 9. d4 cxd4 10. Nxd4 Ngxe5 11. Nxc6 Nxc6 12. c4 d4 13. Bg5 Qe5+ 14. Be3 dxe3 15. fxe3 Qxe3+ 16. Be2 Nd4 17. Nf1 Qxe2+ 18. Qxe2 Nxe2 19. Kxe2 Bd7 20. Ne3 Bc6 21. Rhd1 Be7 22. g3 Bf6 23. Ra2 h5 24. Nc2 Ke7 25. Nd4 Bxd4 26. Rxd4 Rad8 27. Rf4 g5 28. Rf2 g4 29. Ke3 f5 30. b4 Be4 31. Rad2 Rxd2 32. Rxd2 h4 33. a4 hxg3 34. hxg3 Rh3 35. Kf4 Kf6 36. a5 e5+ 37. Ke3 Rxg3+ 38. Kf2 Rb3 39. Rd6+ Ke7 40. c5 g3+ 41. Ke1 g2 0-1